000 01024naa a22003017a 4500
001 BR9601046
003 BR-BrBNA
005 20240918181613.0
007 ta
008 230509b bl.||||| |||| 00| 0 por d
040 _aBR-BrBNA
_bpor
_cBiblioteca Nacional de Agricultura
041 _a(En)
072 _aP35
090 _aP35 BR9601046
100 1 _aLewis, M.R.
111 1 _aCongresso Pan Americano de Conservacao do Solo
_cSao Paulo, SP (Brazil)
_d12-29 Apr 1966
245 1 _aProtection of arable land from soil alkali
260 3 _aSao Paulo, SP (Brasil):
_c1966.
500 _aAnais do Congresso Pan Americano de Conservacao do Solo Sao Paulo, SP (Brasil): 1966. p. 207-210 (BR9601046-AM)P35
650 _aSolo
650 _aAlcali
650 _aAgua do Solo
650 _aSodio
650 _aSalinizacao
773 0 _tAnais do Congresso Pan Americano de Conservacao do Solo
_wP35 BR9601046
_gSao Paulo, SP (Brasil), 1966. p. 207-210
909 _a202404
_bLucia
_c55
_dLucia Elande
942 _cAM
_2AGRIS
999 _c326057
_d326057